| 000 | 00934cab a22002295a 4500 | ||
|---|---|---|---|
| 001 | L159250 | ||
| 008 | 160318e2016 xxk 000 0 eng d | ||
| 035 | _a(Sirsi) u159250 | ||
| 041 | 0 | _aeng | |
| 100 | 1 | _aHunnisett Snow, Jessica | |
| 245 | 0 | 0 | _aPreparing traditional buildings for climate change |
| 260 | _c2016 | ||
| 490 |
_aJournal of Building Survey, Appraisal & Valuation _v4(4) 195-205(11) |
||
| 520 | _aPractical paper provides information on how to prepare traditional buildings in Scotland for climate change. The principle of 'conservative' repair will in most cases still be relevant, but when the building fabric is compromised, alterations to increase the resilience of buildings to climate change may be needed. | ||
| 590 | _aKA | ||
| 650 | 2 | 4 | _aCLIMATE CHANGE |
| 650 | 2 | 4 | _aHISTORIC BUILDINGS |
| 650 | 2 | 4 | _aCONSERVATION |
| 651 | 4 |
_aUnited Kingdom _y |
|
| 690 | _aConservation and restoration | ||
| 942 | _n0 | ||
| 999 |
_c84845 _d84845 |
||